Ateneo Obrero de Barcelona : [reglamento] [reglamento]
Descripción Física:
14 p. ; 22 cm
MARC
| LEADER | 00000nam a2200000Ia 4500 | ||
|---|---|---|---|
| 001 | 16257 | ||
| 008 | 160829s1882 xx 000 0 cat d | ||
| 080 | |a 2103, exp. 3 | ||
| 110 | |a Ateneu Obrer de Barcelona |9 69878 | ||
| 245 | |a Ateneo Obrero de Barcelona : |b [reglamento] | ||
| 260 | |a Barcelona : |b (Imp. de Víctor Berdós y Feliu), |c 1882 | ||
| 300 | |a 14 p. ; |c 22 cm | ||
| 650 | |a Ateneu Obrer de Barcelona |x Reglaments i procediment |9 46704 | ||
| 901 | |a Arxiu | ||
| 942 | |n 1 | ||
| 952 | |0 0 |1 0 |4 0 |6 2103_EXP_3 |7 1 |9 53965 |a Arxiu |b Arxiu |d 2016-12-01 |l 0 |o 2103, exp. 3 |p 16257 |r 2016-12-01 00:00:00 |w 2016-12-01 |y ARXIU | ||
| 999 | |c 57832 |d 57832 | ||